00522nam a22001817a 4500001000400000003000600004005001700010008004100027020001800068040002900086082001100115100001600126245010600142260003400248300002200282521001800304521001800322450FISKH20231211152637.0230424b cb ||||| |||| 00| 0 eng d a9780545680240 aFISKHbengcFISKHdFISKH a920.02 aGrant, R.J. aSuperstars of history :bThe good, the bad, and the brainy :cCreated by Basher written by R.J. Grant aNew York :bScholastic.c2014 a95 Pages.c23 cm.8 a960 bLexile8 aU bRaz-Plus